<?xml version="1.0" encoding="UTF-8"?><?xml-stylesheet type="text/xsl" href="static/style.xsl"?><OAI-PMH xmlns="http://www.openarchives.org/OAI/2.0/" xmlns:xsi="http://www.w3.org/2001/XMLSchema-instance" xsi:schemaLocation="http://www.openarchives.org/OAI/2.0/ http://www.openarchives.org/OAI/2.0/OAI-PMH.xsd"><responseDate>2026-06-06T02:44:56Z</responseDate><request verb="GetRecord" identifier="oai:riuma.uma.es:10630/8622" metadataPrefix="marc">https://riuma.uma.es/rest/oai/request</request><GetRecord><record><header><identifier>oai:riuma.uma.es:10630/8622</identifier><datestamp>2026-02-03T12:22:51Z</datestamp><setSpec>com_10630_2254</setSpec><setSpec>col_10630_37959</setSpec></header><metadata><record xmlns="http://www.loc.gov/MARC21/slim" xmlns:dcterms="http://purl.org/dc/terms/" xmlns:doc="http://www.lyncode.com/xoai" xmlns:xsi="http://www.w3.org/2001/XMLSchema-instance" xsi:schemaLocation="http://www.loc.gov/MARC21/slim http://www.loc.gov/standards/marcxml/schema/MARC21slim.xsd">
   <leader>00925njm 22002777a 4500</leader>
   <datafield ind2=" " ind1=" " tag="042">
      <subfield code="a">dc</subfield>
   </datafield>
   <datafield ind2=" " ind1=" " tag="720">
      <subfield code="a">Fernández-Gómez, María Rosa</subfield>
      <subfield code="e">author</subfield>
   </datafield>
   <datafield ind2=" " ind1=" " tag="260">
      <subfield code="c">2015-01-07</subfield>
   </datafield>
   <datafield ind2=" " ind1=" " tag="520">
      <subfield code="a">Esta presentación pretende continuar y profundizar en algunos aspectos de otras comunicaciones relativas a mujeres que en el siglo XX han contribuido decisivamente a la conformación de lo que hoy entendemos por teoría y la historia del arte indio. Intentaré seguir la estela dejada por Alice Boner, Stella Kramrisch, Kapila Vatsyayan, desarrollando mi intervención acerca de los trabajos e intereses de Bettina Bäumer, gran especialista en la estética india y el pensamiento tántrico del shivaísmo de Cachemira. En lo que sigue, tras unas pinceladas sobre la biografía de Bettina Baumer, me centraré, en primer lugar, en el simbolismo del agua para la experiencia estética india tradicional (la teoría del rasa) y en segundo lugar propondré una relectura de dicha experiencia estética aplicada a la propia vida y en conexión con la noción de deseo en el tantrismo. La ciudad de Benarés, bañada por las sagradas aguas del Ganges y residencia mítica del dios tántrico por excelencia, Siva, es, en este sentido, el escenario ideal en el que situar la estética del deseo a la que se entrega el buscador tántrico shivaísta.</subfield>
   </datafield>
   <datafield ind1="8" ind2=" " tag="024">
      <subfield code="a">http://hdl.handle.net/10630/8622</subfield>
   </datafield>
   <datafield tag="653" ind2=" " ind1=" ">
      <subfield code="a">Filosofía hindú</subfield>
   </datafield>
   <datafield tag="653" ind2=" " ind1=" ">
      <subfield code="a">Bäumer, Bettina - Crítica e interpretación</subfield>
   </datafield>
   <datafield ind2="0" ind1="0" tag="245">
      <subfield code="a">El Benarés tántrico de Bettina Bäumer: la estética del deseo</subfield>
   </datafield>
</record>
</metadata></record></GetRecord></OAI-PMH>